[Event "IECC KO email"]
[Site "IECC email"]
[Date "2002.08.06"]
[Round "?"]
[White "Jensen, Jeff"]
[Black "Bradford, Danny"]
[Result "1-0"]
[WhiteElo "1151"]
[BlackElo "925"]
[PlyCount "21"]
[EventDate "2002.??.??"]
[EventType "tourn (corr)"]
[EventRounds "6"]
[SourceTitle "Corr 2008"]
[Source "ChessBase"]
[SourceDate "2008.06.24"]
[SourceVersion "1"]
[SourceVersionDate "2008.06.24"]
[SourceQuality "1"]

1. d4 d5 2. c4 dxc4 3. e4 e5 4. Bxc4 Qh4 5. Nc3 Bb4 6. Bxf7+ Kxf7 7. Qb3+ Kf6 8. Qxb4 Nc6 9. Qf8+ Kg6 10. Qe8+ Kf6 11. Nd5# 1-0

[Event "IECC CL8-2001.19"]
[Site "IECC email"]
[Date "2001.08.07"]
[Round "?"]
[White "Bradford, Danny"]
[Black "Maidana, Edgardo R"]
[Result "0-1"]
[WhiteElo "906"]
[BlackElo "892"]
[PlyCount "88"]
[EventDate "2001.??.??"]
[EventType "tourn (corr)"]
[EventRounds "4"]
[SourceTitle "Corr 2008"]
[Source "ChessBase"]
[SourceDate "2008.06.24"]
[SourceVersion "1"]
[SourceVersionDate "2008.06.24"]
[SourceQuality "1"]

1. e4 g6 2. d4 Bg7 3. Bc4 h5 4. Nf3 h4 5. Ng5 e6 6. e5 Rh5 7. Qg4 b5 8. Bxb5 Bh6 9. f4 f5 10. exf6 Nxf6 11. Qf3 Nd5 12. Nxe6 Qf6 13. 0-0 Na6 14. Re1 Kf7 15. Nc3 dxe6 16. Nxd5 Rxd5 17. Bc6 Bb7 18. Bxb7 Qxd4+ 19. Be3 Qxb2 20. Bxa8 Rf5 21. Qe4 c5 22. Bb7 Nb4 23. Bxc5 Bxf4 24. Qxe6+ Kg7 25. Rab1 Qxa2 26. Qe7+ Kh6 27. Qxh4+ Kg7 28. Re7+ Rf7 29. Qf6+ Kxf6 30. Rxf7+ Qxf7 31. Rxb4 g5 32. Bxa7 Qh5 33. Bd4+ Kf5 34. Rb5+ Ke6 35. Kf2 Qh4+ 36. Kf1 Bd2 37. Re5+ Kd7 38. Bf2 Qc4+ 39. Re2 Qxc2 40. Be1 Qf5+ 41. Bf3 Ba5 42. Rf2 Kd6 43. g4 Qd3+ 44. Be2 Qh3+ 0-1

[Event "IECC CL7-2000.08"]
[Site "IECC email"]
[Date "1999.12.30"]
[Round "?"]
[White "Bradford, Danny"]
[Black "Soldini, Paolo"]
[Result "0-1"]
[WhiteElo "1000"]
[BlackElo "1175"]
[PlyCount "44"]
[EventDate "2000.??.??"]
[EventType "tourn (corr)"]
[EventRounds "4"]
[SourceTitle "Corr 2008"]
[Source "ChessBase"]
[SourceDate "2008.06.24"]
[SourceVersion "1"]
[SourceVersionDate "2008.06.24"]
[SourceQuality "1"]

1. e4 c5 2. d4 cxd4 3. Qxd4 Nc6 4. Qa4 Nf6 5. f3 d5 6. Nc3 d4 7. Bb5 dxc3 8. Bxc6+ bxc6 9. Qxc6+ Bd7 10. Qxc3 Rc8 11. Qb3 e6 12. Be3 Rb8 13. Qc3 Bb4 14. Rd1 Bxc3+ 15. bxc3 Qa5 16. Ne2 Rb2 17. Rd5 exd5 18. exd5 Rxc2 19. Kf2 Nxd5 20. Rb1 Nxc3 21. Rb8+ Ke7 22. Rxh8 Rxe2+ 0-1